Movies Quiz

Random Movies or James Bond Quiz

One-Word James Bond Films Quiz Stats

 Plays Quiz Updated Nov 3, 2015

Challenge
Share
Tweet
Embed
Score 0/7 Timer 01:00
0 Plays Today
Year Movie % Correct
2012Skyfall
85.6%
1964Goldfinger
83.7%
1983Octopussy
77.7%
1995GoldenEye
75.9%
1979Moonraker
68.8%
1965Thunderball
61.6%
2015Spectre
51.2%

You're not logged in!

Compare scores with friends on all Sporcle quizzes.
OR
Log In

You Might Also Like...

Show Comments

Extras

Top Quizzes Today


Score Distribution

Your Account Isn't Verified!

In order to create a playlist on Sporcle, you need to verify the email address you used during registration. Go to your Sporcle Settings to finish the process.

Report this User

Report this user for behavior that violates our Community Guidelines.

Details: